| 000 | 00659nam a22002291 4500 | ||
|---|---|---|---|
| 001 | sa 68000970 | ||
| 003 | DLC | ||
| 005 | 20260227112428.0 | ||
| 008 | 711108s1967 ii 00000 eng | ||
| 010 | _asa 68000970 | ||
| 025 | _aPL480:I-E-9317 | ||
| 043 | _aa-ii--- | ||
| 050 | 0 |
_aHC435.2 _b.R6 |
|
| 082 | _a330.954 | ||
| 100 | 1 | 0 | _aRoy, Ajit. |
| 245 | 1 | 2 |
_aA Marxist commentary on economic developments in India, 1951-1965; _ba selection of articles and notes. |
| 260 | 0 |
_aCalcutta, _bNational Publishers _c[1967] |
|
| 300 |
_a160 p. _c23 cm. |
||
| 350 |
_aRs6 _a$1.50 |
||
| 651 | 0 |
_aIndia _xEconomic conditions _y1947- |
|
| 650 | 0 | _aMarxian economics. | |
| 999 |
_c77593 _d77593 |
||